[Event "Brasschaat op 09th"]
[Site "Brasschaat"]
[Date "2009.08.23"]
[Round "9"]
[White "Boeye, Leo"]
[Black "Demarre, Jacques"]
[Result "1-0"]
[WhiteElo "1999"]
[BlackElo "2177"]
[PlyCount "37"]
[EventDate "2009.08.15"]
[EventType "swiss"]
[EventRounds "9"]
[EventCountry "BEL"]
[SourceTitle "CBM 131 Extra"]
[Source "ChessBase"]
[SourceDate "2009.09.03"]
[SourceVersion "2"]
[SourceVersionDate "2009.09.16"]
[SourceQuality "1"]

1. Nh3 d5 2. g3 Nf6 3. f3 c5 4. d3 e6 5. Nd2 b6 6. e4 Nbd7 7. f4 dxe4 8. dxe4 Bb7 9. Nf2 e5 10. c3 Be7 11. Bc4 0-0 12. f5 a6 13. a4 Bc6 14. Qe2 Qc7 15. g4 h6 16. h4 Nh7 17. Nf3 Rfe8 18. g5 h5 19. g6 1-0

[Event "Syre Memorial op 32nd"]
[Site "Issy les Moulineaux"]
[Date "2009.05.22"]
[Round "3"]
[White "Demarre, Jacques"]
[Black "David, Alberto"]
[Result "0-1"]
[WhiteElo "2190"]
[BlackElo "2587"]
[PlyCount "78"]
[EventDate "2009.05.21"]
[EventType "swiss"]
[EventRounds "6"]
[EventCountry "FRA"]
[SourceTitle "EXT 2010"]
[Source "ChessBase"]
[SourceDate "2010.11.25"]
[SourceVersion "1"]
[SourceVersionDate "2010.11.25"]
[SourceQuality "1"]

1. d4 Nf6 2. c4 e6 3. Nf3 d5 4. g3 dxc4 5. Qa4+ c6 6. Qxc4 b5 7. Qc2 Bb7 8. Bg2 Nbd7 9. Nc3 c5 10. dxc5 Bxc5 11. 0-0 Rc8 12. Qd3 a6 13. a3 0-0 14. e4 Qc7 15. Bf4 e5 16. Bg5 h6 17. Bxf6 Nxf6 18. Rac1 Rfd8 19. Qe2 Qe7 20. Nd2 Bd4 21. Ndb1 Qe6 22. h3 Rc4 23. Rfd1 Rdc8 24. Qe1 a5 25. Nxb5 Bxf2+ 26. Kxf2 Qb6+ 27. Kf1 Rxc1 28. Rxc1 Rxc1 29. Qxc1 Nxe4 30. Bxe4 Qxb5+ 31. Kf2 Bxe4 32. Nc3 Qb6+ 33. Kf1 Bd3+ 34. Kg2 Qc6+ 35. Kh2 Qf3 36. Qd2 Kh8 37. Qe1 f5 38. Nd1 Bc4 39. Qg1 Qe2+ 0-1

[Event "Syre Memorial op 31st"]
[Site "Issy les Moulineaux"]
[Date "2008.05.01"]
[Round "2"]
[White "Demarre, Jacques"]
[Black "Shirazi, Kamran"]
[Result "1-0"]
[WhiteElo "2163"]
[BlackElo "2448"]
[PlyCount "63"]
[EventDate "2008.05.01"]
[EventType "swiss"]
[EventRounds "6"]
[EventCountry "FRA"]
[SourceTitle "EXT 2010"]
[Source "ChessBase"]
[SourceDate "2010.11.25"]
[SourceVersion "1"]
[SourceVersionDate "2010.11.25"]
[SourceQuality "1"]

1. e4 c5 2. Nf3 Nf6 3. e5 Nd5 4. Nc3 Nb4 5. a3 N4c6 6. Bc4 Nd4 7. d3 Nbc6 8. Bf4 b5 9. Nxd4 Nxd4 10. Bd5 Rb8 11. e6 dxe6 12. Bxb8 exd5 13. Be5 Nc6 14. Bg3 e6 15. 0-0 a6 16. Ne2 h5 17. h3 g6 18. d4 Qb6 19. c3 Bg7 20. Rc1 Bb7 21. Qd3 0-0 22. Bd6 cxd4 23. Bxf8 Kxf8 24. cxd4 Nxd4 25. Nxd4 Bxd4 26. Qg3 e5 27. Rc2 b4 28. Rfc1 b3 29. Rc7 Bxb2 30. Qg5 Bxa3 31. Qd8+ Kg7 32. Rxf7+ 1-0

[Event "FRA-chT2A 0506"]
[Site "France"]
[Date "2005.11.19"]
[Round "2.1"]
[White "Justo, Damian"]
[Black "Demarre, Jacques"]
[Result "1-0"]
[WhiteElo "2306"]
[BlackElo "2228"]
[PlyCount "103"]
[EventDate "2005.10.27"]
[EventType "team-tourn"]
[EventRounds "11"]
[EventCountry "FRA"]
[SourceTitle "EXT 2006"]
[Source "ChessBase"]
[SourceDate "2005.11.24"]
[SourceVersion "1"]
[SourceVersionDate "2005.11.24"]
[SourceQuality "1"]
[WhiteTeam "Evry III"]
[BlackTeam "Issy les Moulineaux"]
[WhiteTeamCountry "FRA"]
[BlackTeamCountry "FRA"]

1. d4 d5 2. c4 c6 3. Nf3 Nf6 4. e3 e6 5. Nbd2 Nbd7 6. b3 Bd6 7. Bb2 Qe7 8. Ne5 Ba3 9. Bxa3 Qxa3 10. Nxd7 Bxd7 11. c5 e5 12. dxe5 Ng4 13. Qc2 Qa5 14. Qb2 Qxc5 15. h3 Nh6 16. e6 fxe6 17. Qxg7 Qf8 18. Qd4 Nf5 19. Qe5 Rg8 20. 0-0-0 0-0-0 21. g4 Qd6 22. Nf3 Qxe5 23. Nxe5 Nh4 24. Bd3 Rg7 25. Kd2 Rdg8 26. Ke2 Be8 27. Rdf1 Ng6 28. Bxg6 Bxg6 29. b4 Kc7 30. Rc1 Kd6 31. f4 Be4 32. Rhg1 a6 33. Kf2 Ke7 34. Kg3 Rd8 35. Rgd1 h5 36. g5 h4+ 37. Kxh4 Rh8+ 38. Kg3 Rgh7 39. Rh1 Kd6 40. Rh2 d4 41. Rd1 d3 42. Nxd3 Kc7 43. Ne5 Bf5 44. h4 a5 45. a3 axb4 46. axb4 Ra8 47. Kf3 Ra3 48. h5 Rb3 49. g6 Rh8 50. h6 Rxb4 51. h7 Be4+ 52. Kg3 1-0

[Event "Paris-ch"]
[Site "Paris"]
[Date "2005.07.12"]
[Round "4"]
[White "Demarre, Jacques"]
[Black "Becker, Martin Alexander"]
[Result "0-1"]
[WhiteElo "2221"]
[BlackElo "2310"]
[PlyCount "130"]
[EventDate "2005.07.10"]
[EventType "swiss"]
[EventRounds "9"]
[EventCountry "FRA"]
[SourceTitle "CBM 107 Extra"]
[Source "ChessBase"]
[SourceDate "2005.09.01"]
[SourceVersion "1"]
[SourceVersionDate "2005.09.01"]
[SourceQuality "1"]

1. e4 c5 2. c3 Nf6 3. e5 Nd5 4. Nf3 Nc6 5. Bc4 Nb6 6. Bb3 c4 7. Bc2 d6 8. exd6 Qxd6 9. Qe2 Bg4 10. Na3 Qe6 11. Qxe6 Bxe6 12. b3 Rc8 13. 0-0 Bd5 14. Re1 e6 15. d3 cxd3 16. Bxd3 Be7 17. Ng5 h6 18. Ne4 a6 19. Bb2 Ne5 20. Bb1 Bxe4 21. Bxe4 Nc6 22. c4 Bf6 23. Bxf6 gxf6 24. Nc2 Ke7 25. Ne3 Kf8 26. f4 f5 27. Bf3 Kg7 28. Red1 Rhd8 29. Kf2 Kf6 30. h3 a5 31. a3 Nd7 32. Bxc6 bxc6 33. b4 Ke7 34. c5 Rb8 35. Rab1 h5 36. Nc4 axb4 37. axb4 Nf6 38. Ne5 Rdc8 39. Kf3 Nd5 40. Rd4 f6 41. Nd3 h4 42. Ra1 Ra8 43. Rb1 Rcb8 44. Rb3 Ra1 45. Rc4 Ra2 46. Rb2 Ra3 47. Ke2 Rg8 48. Ne1 Nc3+ 49. Kd2 Rd8+ 50. Kc2 Nd1 51. Rb3 Ne3+ 52. Rxe3 Rxe3 53. Nf3 Re2+ 54. Kc1 Ra8 55. Kb1 Rxg2 56. Nd4 Rc8 57. b5 cxb5 58. Nxb5 Rb8 59. Rb4 Re2 60. c6 Rg8 61. Ka1 Rg1+ 62. Rb1 Rxb1+ 63. Kxb1 Re4 64. Na7 Kd6 65. Kc2 Rxf4 0-1

[Event "Paris-ch"]
[Site "Paris"]
[Date "2005.07.09"]
[Round "1"]
[White "Marzolo, Cyril"]
[Black "Demarre, Jacques"]
[Result "1-0"]
[WhiteElo "2388"]
[BlackElo "2221"]
[PlyCount "61"]
[EventDate "2005.07.10"]
[EventType "swiss"]
[EventRounds "9"]
[EventCountry "FRA"]
[SourceTitle "CBM 107 Extra"]
[Source "ChessBase"]
[SourceDate "2005.09.01"]
[SourceVersion "1"]
[SourceVersionDate "2005.09.01"]
[SourceQuality "1"]

1. d4 Nf6 2. c4 g6 3. Nc3 Bg7 4. e4 d6 5. f3 c6 6. Bg5 a6 7. Qd2 h5 8. Bd3 b5 9. Nge2 Nbd7 10. 0-0 Nb6 11. b3 b4 12. Nd1 c5 13. Be3 Nfd7 14. a3 bxa3 15. Rxa3 Qc7 16. Ndc3 Bb7 17. Rb1 cxd4 18. Nxd4 h4 19. Nd5 Qd8 20. Nxb6 Nxb6 21. Qb4 h3 22. g3 Rb8 23. Be2 Nd7 24. Qd2 Qc7 25. Rc1 Rh5 26. b4 Re5 27. c5 dxc5 28. Nb3 Rd8 29. bxc5 Nxc5 30. Qc2 Rc8 31. Nxc5 1-0

[Event "Syre Memorial op 28th"]
[Site "Issy les Moulineaux"]
[Date "2005.05.08"]
[Round "6"]
[White "Guerin, Francois"]
[Black "Demarre, Jacques"]
[Result "1/2-1/2"]
[WhiteElo "2177"]
[BlackElo "2281"]
[PlyCount "37"]
[EventDate "2005.05.05"]
[EventType "swiss"]
[EventRounds "6"]
[EventCountry "FRA"]
[SourceTitle "EXT 2007"]
[Source "ChessBase"]
[SourceDate "2006.11.23"]
[SourceVersion "1"]
[SourceVersionDate "2006.11.23"]
[SourceQuality "1"]

1. e4 e5 2. Nf3 Nc6 3. Bb5 a6 4. Bxc6 dxc6 5. 0-0 f6 6. d4 Bg4 7. dxe5 Qxd1 8. Rxd1 fxe5 9. Rd3 Bd6 10. Bg5 Ne7 11. Nbd2 Ng6 12. Nc4 0-0 13. Nxd6 cxd6 14. Rxd6 Bxf3 15. gxf3 Rxf3 16. Rd7 Rf7 17. Rad1 Raf8 18. Be3 Rxd7 19. Rxd7 1/2-1/2

[Event "Syre Memorial op 28th"]
[Site "Issy les Moulineaux"]
[Date "2005.05.07"]
[Round "4"]
[White "El Farihi, Mohsine"]
[Black "Demarre, Jacques"]
[Result "1-0"]
[WhiteElo "2230"]
[BlackElo "2281"]
[PlyCount "107"]
[EventDate "2005.05.05"]
[EventType "swiss"]
[EventRounds "6"]
[EventCountry "FRA"]
[SourceTitle "EXT 2007"]
[Source "ChessBase"]
[SourceDate "2006.11.23"]
[SourceVersion "1"]
[SourceVersionDate "2006.11.23"]
[SourceQuality "1"]

1. e4 e5 2. Nf3 Nc6 3. Bc4 Nf6 4. d3 Be7 5. Bb3 0-0 6. c3 d5 7. Qe2 dxe4 8. dxe4 Bc5 9. Nbd2 Qe7 10. Nc4 Bd7 11. Bc2 a5 12. Bg5 Qe6 13. Rd1 Ng4 14. Bh4 b5 15. Ne3 Nxe3 16. fxe3 Rab8 17. Bb3 Qe8 18. Rd5 Bb6 19. Qxb5 Be6 20. Ba4 Bxd5 21. exd5 e4 22. Nd2 Ne5 23. Qxe8 Rfxe8 24. Bxe8 Rxe8 25. Ke2 f5 26. Rf1 Ng4 27. Rxf5 Nxe3 28. Rf4 Nxg2 29. Rg4 Ne3 30. Rxe4 Rxe4 31. Nxe4 Nxd5 32. c4 Nf4+ 33. Kd2 Bd4 34. b3 h6 35. Bg3 Ne6 36. Kd3 Bb2 37. Be1 Be5 38. Ng3 Nc5+ 39. Ke3 a4 40. b4 Nb3 41. Ne2 a3 42. Bc3 Bxh2 43. axb3 h5 44. b5 g5 45. c5 g4 46. Kf2 c6 47. bxc6 h4 48. b4 Kf7 49. b5 Ke8 50. b6 Kd8 51. Bf6+ Kc8 52. Bxh4 Be5 53. Nc1 Bd4+ 54. Kg2 1-0

[Event "FRA-chT2 0405"]
[Site "France"]
[Date "2005.02.06"]
[Round "7.1"]
[White "Goldsztejn, Gildas"]
[Black "Demarre, Jacques"]
[Result "1-0"]
[WhiteElo "2359"]
[BlackElo "2281"]
[PlyCount "57"]
[EventDate "2004.10.10"]
[EventType "team"]
[EventRounds "11"]
[EventCountry "FRA"]
[SourceTitle "EXT 2006"]
[Source "ChessBase"]
[SourceDate "2005.11.24"]
[SourceVersion "1"]
[SourceVersionDate "2005.11.24"]
[SourceQuality "1"]
[WhiteTeam "Paris NAO II"]
[BlackTeam "Issy les Moulineaux"]
[WhiteTeamCountry "FRA"]
[BlackTeamCountry "FRA"]

1. Nf3 Nf6 2. c4 g6 3. Nc3 Bg7 4. e4 d6 5. d4 0-0 6. Be2 e5 7. Be3 exd4 8. Nxd4 Re8 9. f3 c6 10. Qd2 d5 11. exd5 cxd5 12. c5 Nc6 13. 0-0 Rxe3 14. Qxe3 Qf8 15. Nxc6 bxc6 16. Rad1 Rb8 17. b3 Nd7 18. Na4 Rb4 19. Rfe1 d4 20. Qd2 a5 21. Bc4 Ne5 22. Rxe5 Bxe5 23. Re1 Bf6 24. Qf4 Be7 25. Qc7 Bh4 26. g3 Bg5 27. f4 Bh6 28. Qxc6 Bb7 29. Qd7 1-0

[Event "Issy les Moulineaux tt"]
[Site "Issy les Moulineaux"]
[Date "2004.12.12"]
[Round "2.1"]
[White "Debray, Christopher"]
[Black "Demarre, Jacques"]
[Result "1-0"]
[WhiteElo "2178"]
[BlackElo "2281"]
[PlyCount "111"]
[EventDate "2004.11.21"]
[EventType "team"]
[EventRounds "7"]
[EventCountry "FRA"]
[SourceTitle "EXT 2007"]
[Source "ChessBase"]
[SourceDate "2006.11.23"]
[SourceVersion "1"]
[SourceVersionDate "2006.11.23"]
[SourceQuality "1"]

1. d4 Nf6 2. c4 g6 3. Nc3 Bg7 4. g3 0-0 5. Bg2 d6 6. Nf3 Nc6 7. 0-0 Bf5 8. d5 Na5 9. Nd4 Bd7 10. b3 c5 11. Nc2 a6 12. e4 b5 13. Qd3 Ng4 14. f4 Rb8 15. h3 Nf6 16. g4 Ne8 17. Bd2 bxc4 18. bxc4 Rb2 19. Rab1 Rxc2 20. Qxc2 Nxc4 21. Bc1 Qa5 22. Rf3 Nc7 23. Nd1 Ba4 24. Qxc4 Bxd1 25. Ra3 Qe1+ 26. Qf1 Bd4+ 27. Kh2 Qxf1 28. Bxf1 Bc2 29. Rb7 Rc8 30. Bxa6 Bxe4 31. Bc4 Nxd5 32. Rab3 Kg7 33. Rb8 Rc7 34. R3b7 Rxb7 35. Rxb7 e6 36. Rb8 Ne3 37. Be2 d5 38. a4 c4 39. a5 c3 40. a6 c2 41. Rb7 Nd1 42. a7 Bxa7 43. Rxa7 d4 44. Rd7 Nc3 45. Bc4 Bd5 46. Bxd5 exd5 47. Rc7 Kf6 48. Kg2 Ke6 49. Kf1 Kd6 50. Rc8 Kd7 51. Rxc3 dxc3 52. Ke2 Ke6 53. Kd3 h5 54. Kxc3 hxg4 55. hxg4 f6 56. Kxc2 1-0

[Event "FRA-chT2 0304"]
[Site "France"]
[Date "2004.03.14"]
[Round "9"]
[White "Demarre, Jacques"]
[Black "Nguyen, Chi Minh"]
[Result "1/2-1/2"]
[WhiteElo "2315"]
[BlackElo "2375"]
[PlyCount "61"]
[EventDate "2003.10.??"]
[EventType "team"]
[EventRounds "11"]
[EventCountry "FRA"]
[SourceTitle "EXT 2005"]
[Source "ChessBase"]
[SourceDate "2004.11.15"]
[SourceVersion "1"]
[SourceVersionDate "2004.11.15"]
[SourceQuality "1"]

1. d4 e6 2. c4 Nf6 3. Nf3 b6 4. g3 Bb7 5. Bg2 Be7 6. 0-0 0-0 7. Nc3 Na6 8. a3 d5 9. Ne5 Qc8 10. cxd5 Nxd5 11. Nxd5 Bxd5 12. Nc6 Bf6 13. Bf4 Bxg2 14. Kxg2 Qb7 15. d5 Bxb2 16. Ra2 Bf6 17. e4 Nb8 18. Rc2 Nxc6 19. Rxc6 e5 20. Rxf6 exf4 21. Rc6 Rae8 22. Qd4 f3+ 23. Kxf3 Qa6 24. Kg2 Qe2 25. Rxc7 Rxe4 26. Qc3 Rd8 27. Rxa7 h5 28. Qc7 Rf8 29. h4 g5 30. hxg5 h4 31. Qc1 1/2-1/2

[Event "FRA-chT2 0304"]
[Site "France"]
[Date "2004.01.18"]
[Round "6"]
[White "Demarre, Jacques"]
[Black "Sinkovics, Peter"]
[Result "0-1"]
[WhiteElo "2315"]
[BlackElo "2322"]
[PlyCount "60"]
[EventDate "2003.10.??"]
[EventType "team"]
[EventRounds "11"]
[EventCountry "FRA"]
[SourceTitle "EXT 2005"]
[Source "ChessBase"]
[SourceDate "2004.11.15"]
[SourceVersion "1"]
[SourceVersionDate "2004.11.15"]
[SourceQuality "1"]

1. d4 Nf6 2. c4 g6 3. g3 Bg7 4. Bg2 0-0 5. Nf3 d6 6. 0-0 Nc6 7. Nc3 a6 8. d5 Na5 9. Nd2 c5 10. Qc2 Rb8 11. b3 b5 12. Bb2 bxc4 13. bxc4 e5 14. e4 Nh5 15. Nd1 f5 16. exf5 gxf5 17. f4 Rxb2 18. Nxb2 exf4 19. Bf3 fxg3 20. Bxh5 Qh4 21. Nf3 Qxh5 22. Rae1 f4 23. Re6 Bxe6 24. dxe6 Nc6 25. Nd3 Nd4 26. Qg2 Qf5 27. Nfe1 f3 28. e7 Re8 29. Nxf3 Qxd3 30. Ng5 Qe3+ 0-1

[Event "Syre Memorial op 26th"]
[Site "Issy les Moulineaux"]
[Date "2003.05.31"]
[Round "3.9"]
[White "Demarre, Jacques"]
[Black "Klimchand, Didier"]
[Result "1-0"]
[WhiteElo "2290"]
[BlackElo "1923"]
[PlyCount "51"]
[EventDate "2003.05.29"]
[EventType "swiss"]
[EventRounds "6"]
[EventCountry "FRA"]
[SourceTitle "CBM 094 Extra"]
[Source "ChessBase"]
[SourceDate "2003.07.09"]
[SourceVersion "2"]
[SourceVersionDate "2003.07.09"]
[SourceQuality "1"]

1. d4 Nf6 2. c4 e6 3. Nf3 b6 4. g3 Ba6 5. Nbd2 Bb4 6. Qb3 Qe7 7. Bg2 Ne4 8. 0-0 Bxd2 9. Nxd2 Nxd2 10. Bxd2 Nc6 11. d5 exd5 12. cxd5 Nd4 13. Qa4 Nxe2+ 14. Kh1 Bb7 15. Rae1 0-0 16. Be3 Nxg3+ 17. hxg3 Qf6 18. Qg4 Ba6 19. Rg1 d6 20. Be4 g6 21. Bb1 Bc8 22. Qf4 Qxb2 23. Bd4 Qb5 24. Qf6 Qxd5+ 25. Rg2 Qh5+ 26. Kg1 1-0

[Event "FRA-chT2S 0203"]
[Site "France"]
[Date "2003.03.15"]
[Round "8.3"]
[White "Demarre, Jacques"]
[Black "Cossin, Sebastien"]
[Result "1/2-1/2"]
[WhiteElo "2290"]
[BlackElo "2230"]
[PlyCount "98"]
[EventDate "2002.10.??"]
[EventType "team"]
[EventRounds "11"]
[EventCountry "FRA"]
[SourceTitle "EXT 2004"]
[Source "ChessBase"]
[SourceDate "2003.11.25"]
[SourceVersion "1"]
[SourceVersionDate "2003.11.25"]
[SourceQuality "1"]
[WhiteTeam "Issy les Moulineaux"]
[BlackTeam "AECE"]
[WhiteTeamCountry "FRA"]
[BlackTeamCountry "FRA"]

1. d4 Nf6 2. c4 e6 3. Nf3 c5 4. d5 exd5 5. cxd5 d6 6. Nc3 g6 7. e4 a6 8. a4 Bg4 9. Be2 Bxf3 10. Bxf3 Bg7 11. 0-0 0-0 12. Bf4 Ne8 13. Qd2 Nd7 14. Rfe1 Rb8 15. Be2 Qe7 16. Bh6 Bxh6 17. Qxh6 Nc7 18. f4 b5 19. axb5 Nxb5 20. Nxb5 axb5 21. Ra7 Qe8 22. Bf3 c4 23. e5 dxe5 24. f5 Rb6 25. fxg6 Rxg6 26. Qh3 Nc5 27. Qf5 Nd3 28. Rf1 Qb8 29. Raa1 Qb6+ 30. Kh1 Nf2+ 31. Rxf2 Qxf2 32. Qxe5 b4 33. d6 Re6 34. Qg5+ Kh8 35. h3 Qxb2 36. Rd1 Qf6 37. Qc5 c3 38. d7 Rd8 39. Bg4 Rb6 40. Re1 Rbb8 41. Qc4 b3 42. Rf1 Qe5 43. Rf5 Qe3 44. Rxf7 Rf8 45. Bf5 Qe1+ 46. Kh2 Qe5+ 47. Kh1 Qe1+ 48. Kh2 Qe5+ 49. Kh1 Qe1+ 1/2-1/2

[Event "FRA-chT2S 0203"]
[Site "France"]
[Date "2003.??.??"]
[Round "7.5"]
[White "Bianchi, Guillaume"]
[Black "Demarre, Jacques"]
[Result "1/2-1/2"]
[WhiteElo "2218"]
[BlackElo "2290"]
[PlyCount "108"]
[EventDate "2002.10.??"]
[EventType "team"]
[EventRounds "11"]
[EventCountry "FRA"]
[SourceTitle "EXT 2004"]
[Source "ChessBase"]
[SourceDate "2003.11.25"]
[SourceVersion "1"]
[SourceVersionDate "2003.11.25"]
[SourceQuality "1"]
[WhiteTeam "Arras"]
[BlackTeam "Issy les Moulineaux"]
[WhiteTeamCountry "FRA"]
[BlackTeamCountry "FRA"]

1. d4 Nf6 2. c4 g6 3. Nc3 Bg7 4. Nf3 0-0 5. Bg5 c5 6. d5 h6 7. Bh4 d6 8. e3 a6 9. a4 Qa5 10. Nd2 Bf5 11. f3 Qb4 12. Qc1 g5 13. Bf2 Nbd7 14. Be2 Ne5 15. e4 Bd7 16. 0-0 Ng6 17. g3 e6 18. Ra3 Qa5 19. Kh1 Rae8 20. Rg1 Qc7 21. Bd3 Ne5 22. Bb1 exd5 23. exd5 Nh5 24. Qc2 f5 25. Nd1 b5 26. axb5 axb5 27. cxb5 Bxb5 28. Ne3 Bd7 29. Nec4 Rb8 30. Nxe5 Bxe5 31. Nc4 Bg7 32. Rd1 Rfe8 33. b3 Re7 34. Qd3 Rbe8 35. Ra2 Nf6 36. Ne3 Re5 37. f4 Re4 38. fxg5 hxg5 39. h3 f4 40. gxf4 gxf4 41. Nc4 R4e7 42. Bh4 Rf7 43. Bxf6 Rxf6 44. Qh7+ Kf8 45. Rg2 Bxh3 46. Rg6 Rxg6 47. Bxg6 Qd7 48. Qh4 Re2 49. Qxf4+ Kg8 50. Be4 Qe8 51. Bf3 Re1+ 52. Rxe1 Qxe1+ 53. Kh2 Bd7 54. Bh5 Kh7 1/2-1/2

[Event "FRA-chT2S 0203"]
[Site "France"]
[Date "2002.11.16"]
[Round "2.6"]
[White "Demarre, Jacques"]
[Black "L'Henoret, Thierry"]
[Result "1-0"]
[WhiteElo "2290"]
[BlackElo "2125"]
[PlyCount "67"]
[EventDate "2002.10.??"]
[EventType "team"]
[EventRounds "11"]
[EventCountry "FRA"]
[SourceTitle "EXT 2004"]
[Source "ChessBase"]
[SourceDate "2003.11.25"]
[SourceVersion "1"]
[SourceVersionDate "2003.11.25"]
[SourceQuality "1"]
[WhiteTeam "Issy les Moulineaux"]
[BlackTeam "Bois Colombes"]
[WhiteTeamCountry "FRA"]
[BlackTeamCountry "FRA"]

1. d4 Nf6 2. c4 e5 3. dxe5 Ng4 4. Nf3 Bc5 5. e3 Nc6 6. a3 a5 7. b3 0-0 8. Bb2 Re8 9. Nc3 Ngxe5 10. Nxe5 Nxe5 11. Be2 Ra6 12. Ne4 Bf8 13. Qc2 Rae6 14. Ng3 d6 15. 0-0-0 Rg6 16. h3 Qh4 17. Rd4 Qf6 18. Rf4 Qe6 19. Rd1 Be7 20. Bh5 Rf6 21. Qc3 b6 22. Kb1 Kh8 23. Ka1 Rg8 24. Ne4 Rxf4 25. exf4 Ng6 26. Re1 Qd7 27. g4 Bb7 28. f5 Bxe4 29. Rxe4 Bf6 30. Qd2 Bxb2+ 31. Kxb2 Ne5 32. Rxe5 g6 33. f6 Re8 34. Qh6 1-0

[Event "Syre Memorial op 25th"]
[Site "Issy les Moulineaux"]
[Date "2002.05.11"]
[Round "5"]
[White "Demarre, Jacques"]
[Black "Okhotnik, Vladimir"]
[Result "0-1"]
[WhiteElo "2241"]
[BlackElo "2403"]
[PlyCount "60"]
[EventDate "2002.05.08"]
[EventType "swiss"]
[EventRounds "7"]
[EventCountry "FRA"]
[SourceTitle "EXT 2004"]
[Source "ChessBase"]
[SourceDate "2003.11.25"]
[SourceVersion "1"]
[SourceVersionDate "2003.11.25"]
[SourceQuality "1"]

1. d4 g6 2. c4 Bg7 3. Nf3 c5 4. Nc3 cxd4 5. Nxd4 Nc6 6. Nc2 f5 7. g3 Bxc3+ 8. bxc3 Qa5 9. Bg2 Nf6 10. Bd2 Qa4 11. Nb4 Qxd1+ 12. Rxd1 Ne4 13. Bc1 d6 14. c5 dxc5 15. Nd5 Kf7 16. f3 Nf6 17. Nxf6 Kxf6 18. Be3 Be6 19. Bxc5 Bxa2 20. Rd7 b6 21. Ba3 Rhd8 22. Rc7 Rac8 23. Rb7 Rb8 24. Rc7 Rdc8 25. Rd7 Be6 26. Rd1 Ne5 27. e4 fxe4 28. fxe4 Bc4 29. Bf1 Bxf1 30. Rxf1+ Ke6 0-1

[Event "FRA-chT2"]
[Site "France"]
[Date "2002.03.23"]
[Round "10"]
[White "Demarre, Jacques"]
[Black "Lacrosse, Marc"]
[Result "1-0"]
[WhiteElo "2241"]
[BlackElo "2256"]
[PlyCount "51"]
[EventDate "2002.??.??"]
[EventType "team"]
[EventRounds "11"]
[EventCountry "FRA"]
[SourceTitle "EXT 2003"]
[Source "ChessBase"]
[SourceDate "2002.11.25"]
[SourceVersion "1"]
[SourceVersionDate "2002.11.25"]
[SourceQuality "1"]

1. d4 d5 2. c4 e6 3. Nc3 Nf6 4. Bg5 c6 5. e3 Nbd7 6. Nf3 Qa5 7. Nd2 Bb4 8. Qc2 0-0 9. Be2 e5 10. dxe5 Ne4 11. Ndxe4 dxe4 12. 0-0 Bxc3 13. bxc3 Qxe5 14. Bf4 Qe7 15. Rfd1 Re8 16. Rd4 Nb6 17. Rad1 Bf5 18. Qb3 c5 19. Bd6 Qg5 20. h4 Qxh4 21. Bxc5 Re6 22. g3 Rg6 23. Bd6 Rc8 24. Bf4 Qe7 25. c5 Na8 26. Qxb7 1-0